000 00834cab a2200193 4500
001 L135959
008 061220n2006 000 0 eng u
035 _a(Sirsi) u135959
041 0 _aeng
100 1 _aPearson, David
245 0 0 _aGetting the right people to do the right job
260 _c2006
490 0 _aFacilities Management
_v14(3) December 2006, 22-23(2)
520 _aDiscusses the need for facilities managers to ensure that service providers and their subcontractors supply staff that meet their standards, and do not pose a security threat. The quality of staff to be employed by a specialist service provider becomes an important factor at both pre-qualification stage and eventual tender evaluation.
590 _aKA
651 4 _aUnited Kingdom
_y
690 _aMANAGEMENT-FACILITIES MANAGEMENT
942 _n0
999 _c78081
_d78081